| 000 | 00740nam a2200205 a 4500 | ||
|---|---|---|---|
| 003 | 0 | ||
| 005 | 20250315110210.0 | ||
| 008 | 071127s19uu xx 00 eng d | ||
| 050 |
_aPGS LB 1065.L58 _b.L477 2007 |
||
| 100 | _aLee, Soo Yeon. | ||
| 245 |
_aLiving arrangement and study habits / _cSoo Yeon Lee. |
||
| 260 |
_aLas PiƱas City, Philippines : _bSouthville International School and Colleges, _c2007. |
||
| 300 |
_a27 pages : _billustrations ; _c28 cm. |
||
| 504 | _aIncludes bibliographical references. | ||
| 650 |
_aStudy skills _vStudents. |
||
| 650 |
_aLiving arrangements _vEducational aspects. |
||
| 650 | _aHome environment and learning. | ||
| 650 | _aFamily structure and academic achievement. | ||
| 942 |
_2lcc _cPASS |
||
| 999 |
_c97743 _d97743 |
||